RUSKO NEVIE, ČO S KAUKAZOM

Bibliographic Details
Main Authors: Marušiak, Juraj, 1970- (Author), Šwiętochowski, Tadeusz (Author)
Format: Article
Language:Slovak

MARC

LEADER 00000nab a2200000ua 4500
001 vtls010773271
003 SK-MaSNL
005 20260303104809.0
008 230121s2001 xo |||||||||||||||||slo|
035 |a (urnnbn)urn:nbn:sk:snk:ar-a04gcu 
035 |a (uuid)d8ee3d79-8731-4b12-8eea-b1e4a989e673 
035 |a urn:nbn:sk:snk-ab4rpt 
040 |a SNKBUCL  |b slo  |c SNKBUCL  |e AACR2 
041 0 |a slo 
044 |a xo  |c SK 
100 1 |a Marušiak, Juraj,  |d 1970-  |4 aut  |9 110184 
245 1 0 |a RUSKO NEVIE, ČO S KAUKAZOM  |c Juraj Marušiak, Tadeusz Šwiętochowski 
700 1 |a Šwiętochowski, Tadeusz  |4 aut  |9 1119610 
773 0 |t Listy SFPA : spravodaj Slovenskej spoločnosti pre zahraničnú politiku  |g Č. 12 (2001), s. 5-6 
954 |a odborná, vedecká literatúra pôvodná (slovenská)  |2 lita 
958 |a OND 
958 |a EUIPO 
958 |a article3 
999 |c 1858607  |d 1860537